| 000 | 01589nam a2200373 a 4500 | ||
|---|---|---|---|
| 001 | ebr10246289 | ||
| 003 | CaPaEBR | ||
| 006 | m u | ||
| 007 | cr cn||||||||| | ||
| 008 | 080130s2008 ohu sb s000 0 eng | ||
| 010 | _z 2008004301 | ||
| 020 | _z9780804011082 (alk. paper) | ||
| 020 | _z0804011087 (alk. paper) | ||
| 020 | _z9780804011099 (pbk. : alk. paper) | ||
| 020 | _z0804011095 (pbk. : alk. paper) | ||
| 040 |
_aCaPaEBR _cCaPaEBR |
||
| 035 | _a(OCoLC)312166272 | ||
| 043 | _an-us--- | ||
| 050 | 1 | 4 |
_aPS79 _b.P73 2008eb |
| 082 | 0 | 4 |
_a801/.950973 _222 |
| 245 | 0 | 0 |
_aPraising it new _h[electronic resource] : _bthe best of the New Criticism / _cedited by Garrick Davis ; foreword by William Logan. |
| 260 |
_aAthens, Ohio : _bSwallow Press/Ohio University Press, _cc2008. |
||
| 300 | _axxviii, 332 p. | ||
| 500 | _aAnthology of New Criticism, edited with an introduction, notes, biographies, and selected bibliographies. | ||
| 504 | _aIncludes bibliographical references. | ||
| 533 |
_aElectronic reproduction. _bPalo Alto, Calif. : _cebrary, _d2013. _nAvailable via World Wide Web. _nAccess may be limited to ebrary affiliated libraries. |
||
| 650 | 0 |
_aNew Criticism _zUnited States. |
|
| 650 | 0 |
_aAmerican poetry _xHistory and criticism _xTheory, etc. |
|
| 650 | 0 |
_aEnglish poetry _xHistory and criticism _xTheory, etc. |
|
| 655 | 7 |
_aElectronic books. _2local |
|
| 700 | 1 | _aDavis, Garrick. | |
| 710 | 2 | _aebrary, Inc. | |
| 856 | 4 | 0 |
_uhttp://site.ebrary.com/lib/rucke/Doc?id=10246289 _zAn electronic book accessible through the World Wide Web; click to view |
| 999 |
_c36161 _d36161 |
||